00424 2200157 4500001002100000005001500021035002000036245006100056100002200117300002700139260004400166082000800210084001400218020002200232990001200254INLIS00000000000268620250904033022 a0010-09250000331 aMenembus Langit ( Sebuah Biografi ) /cIntan Puspitasari0 aIntan Puspitasari a86 hlm ;c14,5 x 21 cm aJakarta :bEsensi Erlangga Group,c2023 a900 a900 INT m a978-623-7478-57-7 a0755336